Дърворезбата на катедралната църква в Пазарджик (Запис номер 210220)
[ съкратено ]
| 000 -Лидер | |
|---|---|
| Контролно поле с фиксирана дължина | nkm a22 c 4500 |
| 003 - Код на организацията, давaща контролен номер | |
| Контролно поле | BLK |
| 005 - Дата и час на последна редакция | |
| Контролно поле | 20210212132502.0 |
| 008 - Елементи от данни с фиксирана дължина | |
| fixed length control field | 180412b bul rap|r|||| r0| ||bulo| |
| 010 ## - Наследен системен номер | |
| LC control number | KNG00163126000 |
| 040 ## - Източник на каталожния запис | |
| Идентификатор на билиотеката - собственик на записа | BLK |
| 041 ## - Код за език | |
| Код за езика на текст/звукозапис или на отделно заглавие | Български |
| Код за езика КДБФ | Български |
| 080 ## - УДК | |
| Текстов определител УДК | Художествена обработка на дърво - Обгаряне (пирография), мозайка (интарзия), стругуване, резбарство, лакиране (Палех, Холуй, Жостово, Мстера, Федоскин |
| УДК код - определител по УДК | 745.51 |
| УДК определител | (497.2) |
| УДК - код + определител | 745.51(497.2) |
| 100 1# - Редна дума - Автор | |
| Автор | Друмев, Димитър Атанасов |
| Авторска отговорност | първи автор |
| R(LIN) | 352329 |
| 139 ## - Редно поле | |
| Редна дума | Друмев, Димитър Атанасов |
| Авторски знак | Друм - Д 91 |
| 245 10 - Сведения за заглавието | |
| Заглавие | Дърворезбата на катедралната църква в Пазарджик |
| Редно поле (дума) | Димитър Атанасов Друмев. |
| 257 ## - Страна на издаване | |
| Страна на създаване/издаване | България |
| 260 ## - Област на издателските данни | |
| Име на издателя, разпространителя и проч. | Бълг. художник |
| Година на издаване | 1965 |
| 300 ## - Физическа характеристика | |
| Страници | 124 с. |
| Илюстрации и др. | с ил. |
| Размери/Мащаб | 27 см |
| 380 ## - Жанр | |
| Жанр | Изкуство |
| 490 1# - СЕРИИ (Колекции) | |
| Име на серия | Библиотека Българска народна скулптура |
| 500 ## - Общи забележки | |
| Забележка | Авт. не е означен на кор. - 1 500 тир. - Библиогр. с. 28. - Рез. на рус., фр., нем. и англ. |
| 650 #4 - Допълнително описание по предмет – тема | |
| Основно описание – тема или топоним | Дърворезба, българска |
| 9 (RLIN) | 261345 |
| 651 #4 - Допълнително описание по предмет - топоним | |
| Географско понятие | България |
| 9 (RLIN) | 241624 |
| 653 ## - Ключова дума – ненормативна | |
| Ключова дума | дърворезба |
| 653 ## - Ключова дума – ненормативна | |
| Ключова дума | църкви |
| 653 ## - Ключова дума – ненормативна | |
| Ключова дума | Пазарджик |
| 852 ## - Местоположение | |
| Форматна сигнатура | Цб ІІ 26296 |
| 856 4# - Електронен адрес и достъп | |
| Електронен формат | pdf - файл |
| Път до файла /url/ | |
| 856 4# - Електронен адрес и достъп | |
| Електронен формат | pdf - файл |
| Път до файла /url/ | |
| 999 ## - СИСТЕМНИ КОНТРОЛНИ НОМЕРА | |
| Koha biblionumber | 210220 |
| Koha biblioitemnumber | 210220 |
| 942 ## - АРТИКУЛИ | |
| Вид на библиотечния материал | Графични издания |
| Скрит в OPAC | Не |
| Периодичен библиозапис | Да |
| 944 ## - СЪЗДАВАНЕ И РЕДАКЦИЯ на ЗАПИСА | |
| Създаване/Редакция | Създаване |
| Дата на регистрацията/редакция | 16.07.2014 |
| Статус, дата на статуса | 16.07.2014 - от С1,Р / 16.07.2014 |
| Служител, извършил регистрацията/редакцията | Камелия_Данева |
| 944 ## - СЪЗДАВАНЕ И РЕДАКЦИЯ на ЗАПИСА | |
| Създаване/Редакция | Редакция |
| Дата на регистрацията/редакция | 2021-02-12 |
| Служител, извършил регистрацията/редакцията | Кети |
| Код за отписване | Код за изгубен артикул | Източник на класификационната схема | Код за повреда | Коз за рестрикции | Код за отдаване | Артикулен № | Име на библиотеката - собственик | Име на библиотеката, в която се намира в момента | Статус (Текущо местоположение) | Дата на вписване в системата | Местоположение - отдел | Цена в лева | Инвентарен номер | Систематично азбучна сигнатура | Баркод | Номер на екземпляра | Цена в евро | Служебна бележка | Служебен тип на артикула |
|---|---|---|---|---|---|---|---|---|---|---|---|---|---|---|---|---|---|---|---|
| Не е изгубен | Universal Decimal Classification | Не е повреден | без рестрикции | заемане за дома | 361735 | Регионална библиотека "Любен Каравелов" Русе | Регионална библиотека "Любен Каравелов" Русе | Отдел Изкуство - подръчен фонд | 1965-01-01 | Отдел Изкуство - подръчен фонд | 3.76 | 1138/66 | 745/749(497.2)/Д 91 | 900000003034 | 1 | 1.92 | Дост: Pk Вид: Ф N: стар фонд Дата: 01.01.1965 Дата инв: 03.06.2015 Бележки инв: ГрИ2015 | Графични издания | |
| Не е изгубен | Universal Decimal Classification | Не е повреден | само за читалня | ползва се в читалня | 361736 | Регионална библиотека "Любен Каравелов" Русе | Регионална библиотека "Любен Каравелов" Русе | Хранилище | 1965-01-01 | Хранилище | 3.76 | 822/66 | Цб ІІ 26296 | 900000038633 | 2 | 1.92 | Дост: Dp Вид: Д N: стар фонд Дата: 01.01.1965 | Графични издания |